<?xml version="1.0" encoding="UTF-8"?>
<marc:record xmlns:marc="http://www.loc.gov/MARC21/slim">
   <marc:leader>00000nam a2200000 a 4500</marc:leader>
   <marc:datafield ind1="1" ind2=" " tag="100">
      <marc:subfield code="a">Ginzel, Leon</marc:subfield>
      <marc:subfield code="4">aut</marc:subfield>
      <marc:subfield code="e">Verfasser/-in</marc:subfield>
   </marc:datafield>
   <marc:datafield ind1=" " ind2=" " tag="653">
      <marc:subfield code="a">Wohnmobil-Tourguide</marc:subfield>
   </marc:datafield>
   <marc:datafield ind1=" " ind2=" " tag="653">
      <marc:subfield code="a">Tourenguide Wohnmobil</marc:subfield>
   </marc:datafield>
   <marc:datafield ind1=" " ind2=" " tag="653">
      <marc:subfield code="a">Caravaning</marc:subfield>
   </marc:datafield>
   <marc:datafield ind1=" " ind2=" " tag="653">
      <marc:subfield code="a">Womo Routenplanung</marc:subfield>
   </marc:datafield>
   <marc:datafield ind1=" " ind2=" " tag="653">
      <marc:subfield code="a">Reiseführer Wohnwagen</marc:subfield>
   </marc:datafield>
   <marc:datafield ind1=" " ind2=" " tag="653">
      <marc:subfield code="a">Campervan</marc:subfield>
   </marc:datafield>
   <marc:datafield ind1=" " ind2=" " tag="653">
      <marc:subfield code="a">Routenführer Camping</marc:subfield>
   </marc:datafield>
   <marc:datafield ind1=" " ind2=" " tag="653">
      <marc:subfield code="a">Bulli</marc:subfield>
   </marc:datafield>
   <marc:datafield ind1=" " ind2=" " tag="653">
      <marc:subfield code="a">Wohnmobilurlaub</marc:subfield>
   </marc:datafield>
   <marc:datafield ind1=" " ind2=" " tag="653">
      <marc:subfield code="a">Softcover / Reisen/Reiseführer/Europa</marc:subfield>
   </marc:datafield>
   <marc:datafield ind1=" " ind2=" " tag="653">
      <marc:subfield code="a">Führer</marc:subfield>
   </marc:datafield>
   <marc:datafield ind1="0" ind2="0" tag="245">
      <marc:subfield code="a">Camper Guide Französische Atlantikküste</marc:subfield>
   </marc:datafield>
   <marc:datafield ind1="0" ind2="0" tag="245">
      <marc:subfield code="b">Insider-Tipps für deine Wohnmobil-Touren</marc:subfield>
   </marc:datafield>
   <marc:datafield ind1="0" ind2="0" tag="245">
      <marc:subfield code="c">Leon Ginzel</marc:subfield>
   </marc:datafield>
   <marc:datafield ind1=" " ind2="1" tag="264">
      <marc:subfield code="a">Ostfildern</marc:subfield>
      <marc:subfield code="b">MAIRDUMONT GmbH &amp; Co. KG</marc:subfield>
      <marc:subfield code="c">2022</marc:subfield>
   </marc:datafield>
   <marc:datafield ind1="1" ind2=" " tag="490">
      <marc:subfield code="a">Marco Polo</marc:subfield>
   </marc:datafield>
   <marc:datafield ind1=" " ind2=" " tag="250">
      <marc:subfield code="a">1. Auflage</marc:subfield>
   </marc:datafield>
   <marc:datafield ind1="1" ind2=" " tag="520">
      <marc:subfield code="a">Angaben aus der Verlagsmeldung

MARCO POLO Camper Guide Französische Atlantikküste : Insider-Tipps für deine Wohnmobil-Touren / von Leon Ginzel

In den Urlaub von 0 auf 100? Dann ab ins Wohnmobil und raus in die Welt m
it dem MARCO POLO Camper Guide Französische Atlantikküste

Einfachste Routenplanung: 6 Touren zu den Highlights und weniger bekannten Stopps für dein individuelles Abenteuer

Wilde Küste, feiner Sand und Inselleben oder doch mal wieder Kultur und Stadtleben? Stell dir deinen perfekten Roadtrip zusammen, ganz einfach mit den kombinierbaren Touren und Spots

Die besten Stellplätze sowie Campingplätze vor Ort – mit Kind, mit Hund, in bester Lage und für jeden Geldbeutel von kostenlos bis luxuriös, alle mit GPS-Koordinaten

Mit den tollsten Ausflügen, wichtigsten Sehenswürdigkeiten, Regentipps bei schlechtem Wetter, Restaurant-Empfehlungen für jeden Geschmack und Einkaufsadressen für die Womoküche und Souvenirs

Insider-Tipps von Autoren, die für dich on the road waren: Entdecken, was wirklich besonders ist

Mit Profi-Tipps und -Tricks von PaulCamper, den Experten für privates Campersharing

Zwischen Leuchttürmen und Weinbergen:
mit MARCO POLO unterwegs an der Französischen Atlantikküste

An den weiten Stränden der Französischen Atlantikküste baden, sich von der Sonne kitzeln lassen oder auf den Wellen reiten. Oder erkundest du die Küste lieber beim Radeln durch schattige Pinienwälder? Egal, ob du den Kick beim Surfen oder Kiten liebst, lieber zu Inselabenteuern aufbrichst, Städte erkundest oder Weingüter besuchst – mit MARCO POLO stellst du dir genau die Route entlang der Französischen Atlantikküste zusammen, die dir gefällt!

Für die Reise- und Routenplanung findest du alles Notwendige in deinem MARCO POLO Camper Guide:

Perfekte Orientierung mit vielen Überblickskarten

Nie mehr den Weg suchen: Touren-Download in Form eines gpx-tracks zur einfachen Navigation

Rundum-Sorglos-Paket: Wissenswertes zum Reiseziel wie das Freistehen, Anreiseinfos, Camper-Wörterbuch Französisch, Packliste sowie Fahrzeugcheckliste

Wissen, wo’s langgeht, mit den MARCO POLO Camper Guides!

</marc:subfield>
   </marc:datafield>
   <marc:datafield ind1=" " ind2=" " tag="020">
      <marc:subfield code="a">9783829731775</marc:subfield>
      <marc:subfield code="9">9783829731775</marc:subfield>
   </marc:datafield>
   <marc:datafield ind1=" " ind2=" " tag="020">
      <marc:subfield code="a">3829731779</marc:subfield>
      <marc:subfield code="9">3829731779</marc:subfield>
   </marc:datafield>
   <marc:datafield ind1=" " ind2=" " tag="041">
      <marc:subfield code="a">ger</marc:subfield>
   </marc:datafield>
   <marc:datafield ind1=" " ind2=" " tag="300">
      <marc:subfield code="a">216 Seiten</marc:subfield>
   </marc:datafield>
</marc:record>
